000 00620nam a22002297a 4500
003 UA-OsUOA
001 48599
007 ta
008 20070907b un ||||| |||| 00| 0 ukr d
100 _aФедоровська Л.
090 _a82.09
_bФ33
942 _cBK
040 _aUA-OsUOA
_bukr
_cUA-OsUOA
_dUA-OsUOA
245 _aРомани Юрія Мушкетика
300 _a203 с.
955 _a1
041 _aukr
080 _a82.09
260 _aК.
_bРадянський письменник
_c1982
650 7 _a82 Література. Літературознавство
_2UDC
999 _c334710
_d334710